Kluby Ekstraligi (żużel) 2007-2010 - Statystyki

Ogólne statystyki
  • Ten quiz został rozwiązany 239 razy
  • Średni wynik to 8 z 10
Statystyki odpowiedzi
Wskazówka Odpowiedź % Poprawnych
2007, 2008, 2009, 2010 KS Apator Toruń
97%
2007, 2008, 2009, 2010 Unia Leszno
97%
2008, 2009, 2010 Stal Gorzów
96%
2007, 2008, 2009, 2010 Falubaz Zielona Góra
95%
2007, 2008, 2010 Polonia Bydgoszcz
94%
2007, 2008, 2009, 2010 Sparta Wrocław
93%
2007, 2008, 2010 Unia Tarnów
93%
2007, 2008, 2009, 2010 Włókniarz Częstochowa
93%
2009 Wybrzeże Gdańsk
85%
2007, 2008 Stal Reszów
4%
Nie znaleziono quizów pasujących do podanych kryteriów
Rozkład punktacji
Procent ludzi z każdym wynikiem
Percentyl według liczby udzielonych odpowiedzi
Twoja historia wyników
Nie rozwiązałeś tego quizu